<?xml version="1.0" encoding="UTF-8"?>
<collection xmlns:xsi="http://www.w3.org/2001/XMLSchema-instance" xsi:schemaLocation="http://www.loc.gov/MARC21/slim http://www.loc.gov/standards/marcxml/schema/MARC21slim.xsd" xmlns="http://www.loc.gov/MARC21/slim">
 <record>
  <leader>00000ctm a22000004i 4500</leader>
  <controlfield tag="001">UP-99796217613118196</controlfield>
  <controlfield tag="003">Buklod</controlfield>
  <controlfield tag="005">20230214004941.0</controlfield>
  <controlfield tag="006">m    |o  d |      </controlfield>
  <controlfield tag="007">ta</controlfield>
  <controlfield tag="008">191012s        xx     d     r    |||| u|</controlfield>
  <datafield tag="035" ind1=" " ind2=" ">
   <subfield code="a">(iLib)UPD-00414266041</subfield>
  </datafield>
  <datafield tag="040" ind1=" " ind2=" ">
   <subfield code="a">DVAN</subfield>
   <subfield code="e">RDA</subfield>
  </datafield>
  <datafield tag="041" ind1=" " ind2=" ">
   <subfield code="a">eng</subfield>
  </datafield>
  <datafield tag="090" ind1=" " ind2=" ">
   <subfield code="a">JS 50</subfield>
   <subfield code="b">V55 2009</subfield>
  </datafield>
  <datafield tag="100" ind1="0" ind2=" ">
   <subfield code="a">Villena, Dominador T.</subfield>
   <subfield code="b">Jr.</subfield>
   <subfield code="e">author</subfield>
  </datafield>
  <datafield tag="245" ind1="0" ind2="0">
   <subfield code="a">Strengthening the role of local governent units in internal security operations</subfield>
   <subfield code="c">Dominador T. Villena, Jr.</subfield>
  </datafield>
  <datafield tag="264" ind1=" " ind2="0">
   <subfield code="a">Quezon City</subfield>
   <subfield code="b">National Defense College of the Philippines</subfield>
   <subfield code="c">2009.</subfield>
  </datafield>
  <datafield tag="300" ind1=" " ind2=" ">
   <subfield code="a">x, 69 pages</subfield>
   <subfield code="c">29 cm.</subfield>
  </datafield>
  <datafield tag="336" ind1=" " ind2=" ">
   <subfield code="a">text</subfield>
   <subfield code="2">rdacontent</subfield>
  </datafield>
  <datafield tag="337" ind1=" " ind2=" ">
   <subfield code="a">unmediated</subfield>
   <subfield code="2">rdamedia</subfield>
  </datafield>
  <datafield tag="338" ind1=" " ind2=" ">
   <subfield code="a">volume</subfield>
   <subfield code="2">rdacarrier</subfield>
  </datafield>
  <datafield tag="502" ind1=" " ind2=" ">
   <subfield code="a">Thesis (M. in Natinal Security Administration)</subfield>
   <subfield code="b">National Defense College of the Philippines</subfield>
   <subfield code="d">August 2009.</subfield>
  </datafield>
  <datafield tag="520" ind1=" " ind2=" ">
   <subfield code="a">This study presents the view that the LGU is vital in the long-term resolution of conflict, in its capacity as the capital-building government agency of first resort in communities across the republic. Where the casualty between poverty, grievance, and conflict can be analyzed to determine the dynamics at work, the LGU is in the best position to mediate solutions, in crafting and implementing effective policies aimed at improving quality of life, reducing socio-economic vulnerability, and thereby effectively decreasing the likelihood of political stability. It can only do so, however, by improving efficiency across all levels of government, with the institution of measures to ensure transparency and accountability; the minimization of opportunities for politicized programs; ensuring equal access to capital-building resources; improving targeting of beneficiaries through participative policy-making; designing effective evaluation methods for the results of programs; and reducing areas of redundancy even with the national policy of a &quot;convergence of services&quot;. Where these mechanisms are in place, the LGU's roles a strategic instrument of counter-insurgency is made firm.</subfield>
  </datafield>
  <datafield tag="650" ind1=" " ind2="0">
   <subfield code="a">Internal security</subfield>
   <subfield code="z">Philippines</subfield>
   <subfield code="z">Padre Burgos (Quezon Province)</subfield>
  </datafield>
  <datafield tag="650" ind1=" " ind2="0">
   <subfield code="a">Local government</subfield>
   <subfield code="z">Philippines</subfield>
   <subfield code="z">Padre Burgos (Quezon Province)</subfield>
  </datafield>
  <datafield tag="650" ind1=" " ind2="0">
   <subfield code="a">Insurgency</subfield>
   <subfield code="z">Philippines.</subfield>
  </datafield>
  <datafield tag="842" ind1=" " ind2=" ">
   <subfield code="a">Thesis</subfield>
  </datafield>
  <datafield tag="905" ind1=" " ind2=" ">
   <subfield code="a">FI</subfield>
  </datafield>
  <datafield tag="852" ind1="0" ind2=" ">
   <subfield code="a">UPD</subfield>
   <subfield code="b">DVAN</subfield>
   <subfield code="h">JS 50 V55 2009</subfield>
  </datafield>
  <datafield tag="942" ind1=" " ind2=" ">
   <subfield code="a">Thesis</subfield>
  </datafield>
 </record>
</collection>
